Infecciones Urinarias (Registro nro. 29561)

Detalles MARC
000 -CABECERA
Longitud fija campo de control 01284nam a2200229 a 4500
003 - • IDENTIFICADOR DELl NÚMERO DE CONTROL
Identificador del número de control CO-ViMGA
008 - • CÓDIGOS DE INFORMACIÓN DE LONGITUD FIJA
Códigos de información de longitud fija 141112s2004 ck r 000 u spa d
020 ## - • NÚMERO INTERNACIONAL NORMALIZADO PARA LIBROS
Número Internacional Normalizado para Libros (ISBN) 8479034092
040 ## - FUENTE DE LA CATALOGACIÓN
Centro catalogador de origen CO-ViMGA
Lengua de catalogación spa
Centro transcriptor CO-ViMGA
082 04 - • NÚMERO DE LA CLASIFICACIÓN DECIMAL DEWEY
Número de clasificación (R) 616.6 D153i
100 1# - • PUNTO DE ACCESO PRINCIPAL-NOMBRE DE PERSONA
Nombre de persona Dalet, Fernando; Del Río, Gerardo
245 10 - • TITULO PROPIAMENTE DICHO
Título Infecciones Urinarias
300 ## - • DESCRIPCIÓN FÍSICA
Extensión 475p
505 ## - • NOTA DE CONTENIDO CON FORMATO
Nota de contenido con formato Generalidades de las infecciones urinarias 12 - - Etiología de las infecciones urinarias 33 - - Patogenia de las infecciones urinarias 69 - - Diagnóstico 127 - - Infección de vías : cistitis 163 - - Infección de vías : síndrome uretral y bacteriuria del cateter 225 - - Bacteriuria asintomática 265 - - Infecciones parenquimatosas : pielonefritis 299 - - Infecciones parenquimatosas : prostatitis y orquiepididimitis 341 - - Infecciones sistemicas de origen urológico 399 - - Profilaxis antibiótica en urología 447
590 ## - NOTAS LOCALES
Nota local Forma de adquisición : Compra fact. 0536 - - Precio : 155000 - - Proveedor : Temas y libros - - Fecha de adquisición : Abril 2006
650 14 - • PUNTO DE ACCESO ADICIONAL DE MATERIA - TÉRMINO DE MATERIA
Término de materia o nombre geográfico como elemento inicial APARATO URINARIO - INFECCIONES
650 14 - • PUNTO DE ACCESO ADICIONAL DE MATERIA - TÉRMINO DE MATERIA
Término de materia o nombre geográfico como elemento inicial ENFERMEDADES RENALES
650 14 - • PUNTO DE ACCESO ADICIONAL DE MATERIA - TÉRMINO DE MATERIA
Término de materia o nombre geográfico como elemento inicial INFECCIONES DEL TRACTO URINARIO
942 ## - ENTRADA DE ELEMENTOS AGREGADOS (KOHA)
Fuente de clasificaión o esquema Dewey Decimal Classification
Koha [por defecto] tipo de item LIbro
Existencias
Perdido Fuente de clasificación o esquema Estado Físico No para préstamo Forma de adquisición Localización permanente Localización actual Fecha adquisición Serie de enumeración / cronolog&íacute;a Préstamos totales Signatura completa Código de barras Fecha última consulta Número de copia Fecha del precio de reemplazo Tipo de item de Koha
  Dewey Decimal Classification     Sala Especializada Tercer Piso Biblioteca Pública Germán Arciniegas - Villavicencio Biblioteca Pública Germán Arciniegas - Villavicencio 12/04/2015 Volumen. 1 | 11/jun/2009   616.6 D153i 20567 12/04/2015 Ej. 1 12/04/2015 LIbro









Instituto Departamental de Cultura del Meta - Red Departamental de Bibliotecas Públicas del Meta.